1080 1210 1649 1879 1646 1115 1392 1022 1299 1015 1004 1208 1735 1426 1891 1252 1432 1165 1506 1050 1384 1607 1826 1334 1650 1055 1346 1378 1567 1057 1040 1429 1772 1552 1639 1430 1770 1799 1666 1720 1482 1970 1039 1909 1152 1064 1275 1665 1088 1324 1820 1749 1792 1184 1680 1773 1680 1991 1090 1326 1865 1434 1884 1186 1316 1698 1265 1725 1994 1514 1814 1837 1029 1212 1726 1361 1929 1731 1895 1784 1429 1346 1928 1751 1980 1596 1551 1286 1259 1700 1037 1576 1858 1778 1225 1963 1042 1348 1379 BCNSPRNW ULIB Ver.6.0+V

เปลี่ยนเป็นภาษาไทย

Change to English
 แสดงรายละเอียดบรรณานุกรม
  กลับหน้าหลัก

Brief Record : Get Marc (ISO 2709) : E-mail record : QR code < ปิดหน้าต่าง
LEADER : 00000nam 2200000uu 4500
001    13399114030
003     ULIB
008    110719s||||||||th 000 0 tha d
020    9789748418650
099    นว.^bอ886ส 2550
100 1  โยชิคาวะ, เอจิ
245 10 สามก๊ก 1 คำสาบานในสวนท้อ/^cเอจิ โยชิคาวะ, เรื่อง ; จัน สัมฤทธิ์, แปล
250    พิมพ์ครั้งที่ 1
260    กรุงเทพฯ :^bอมรินทร์คอมมิกส์,^c2550
505 0  ล. 2. ขอพบสามหน -- ล. 3. ศึกผาแดง
650  4 สามก๊ก^xการ์ตูน
650  4 วรรณกรรมสำหรับเด็ก
650  4 วรรณกรรมจีน^xการ์ตูน
651  4 จีน^xประวัติศาสตร์^xการ์ตูน
700 0  จัน สัมฤทธิ์
945    ^p149^l0^i022049
995    ทศพร
999 ^a ใช้งานได้ทุกระบบ
รายการนี้ยังไม่มีแท็ก
คุณยังไม่ได้ล็อกอิน คุณสามารถมีกิจกรรมร่วมกับเว็บไซต์ได้ แต่ต้องล็อกอินก่อน ::
  ล็อกอิน

รายการสื่อสารสนเทศ

ลำดับที่ ประเภท เลขเรียก/บาร์โค้ด สถานที่ สถานะ
1. นวนิยาย
นวนิยาย
นว. อ886ส 2550 ฉ.1 
  Barcode: 022049
ห้องสมุดวิทยาเขตสวรรค์ประชารักษ์
►นวนิยาย
บนชั้น
  ขอยืม

รายการใกล้เคียง
    ผู้แต่ง [โยชิคาวะ, เอจิ]

    หัวเรื่อง [วรรณกรรมสำหรับเด็ก]

BibComment


ยังไม่เคยถูกคอมเมนท์

คอมเมนท์ทรัพยากรรายการนี้
  คอมเมนท์: สามก๊ก 1 คำสาบานใ..


 Copyright 2026. Bcnsprnw @Library